[Event "EYCC 2024 - O14"]
[Site "?"]
[Date "2024.08.24"]
[Round "3.10"]
[White "Zakin, Ilay"]
[Black "Dijokas, Jokubas"]
[Result "1-0"]
[BlackElo "1927"]
[WhiteElo "2235"]
[LiveChessVersion "1.4.8"]

1. e4 {[%clk 1:30:57]} c5 {[%clk 1:30:55]} 2. Nf3 {[%clk 1:31:21]} e6
{[%clk 1:31:18]} 3. d4 {[%clk 1:31:42]} cxd4 {[%clk 1:31:44]} 4. Nxd4
{[%clk 1:32:05]} a6 {[%clk 1:32:12]} 5. Nc3 {[%clk 1:32:27]} Qc7 {[%clk 1:32:32]}
6. Qf3 {[%clk 1:32:34]} Nc6 {[%clk 1:22:18]} 7. Be3 {[%clk 1:32:51]} Nf6
{[%clk 1:19:44]} 8. O-O-O {[%clk 1:32:13]} Be7 {[%clk 1:11:43]} 9. Be2
{[%clk 1:19:15]} d6 {[%clk 1:07:00]} 10. Qg3 {[%clk 1:15:24]} Bd7
{[%clk 0:56:40]} 11. f4 {[%clk 1:11:50]} O-O-O {[%clk 0:51:29]} 12. Nb3
{[%clk 1:11:23]} Be8 {[%clk 0:46:37]} 13. Qf2 {[%clk 1:10:53]} Nd7
{[%clk 0:46:22]} 14. Bf3 {[%clk 1:10:37]} f6 {[%clk 0:43:29]} 15. Rhe1
{[%clk 1:08:39]} Bf7 {[%clk 0:43:17]} 16. Na4 {[%clk 1:06:57]} b5
{[%clk 0:39:21]} 17. Nb6+ {[%clk 1:06:45]} Kb7 {[%clk 0:38:47]} 18. Nxd7
{[%clk 1:07:05]} Rxd7 {[%clk 0:39:08]} 19. Rd2 {[%clk 0:59:31]} Na5
{[%clk 0:34:00]} 20. Red1 {[%clk 0:59:02]} Rhd8 {[%clk 0:33:07]} 21. Rd3
{[%clk 0:49:06]} Nxb3+ {[%clk 0:27:15]} 22. Rxb3 {[%clk 0:48:09]} Rc8
{[%clk 0:19:44]} 23. Rc3 {[%clk 0:39:55]} Qd8 {[%clk 0:19:22]} 24. Rxc8
{[%clk 0:33:45]} Qxc8 {[%clk 0:19:29]} 25. Qd2 {[%clk 0:33:55]} Qc4
{[%clk 0:15:38]} 26. b3 {[%clk 0:29:33]} Qc6 {[%clk 0:15:35]} 27. Qd4
{[%clk 0:29:35]} Bd8 {[%clk 0:14:35]} 28. Qb4 {[%clk 0:25:48]} a5
{[%clk 0:13:23]} 29. Qe1 {[%clk 0:24:02]} Bb6 {[%clk 0:11:53]} 30. Bxb6
{[%clk 0:19:08]} Kxb6 {[%clk 0:11:13]} 31. Rd3 {[%clk 0:18:47]} Qc5
{[%clk 0:10:05]} 32. Rc3 {[%clk 0:17:26]} Qd4 {[%clk 0:09:45]} 33. Kb1
{[%clk 0:17:49]} h6 {[%clk 0:06:30]} 34. a4 {[%clk 0:17:36]} Qb4 {[%clk 0:05:29]}
35. axb5 {[%clk 0:16:11]} Qxb5 {[%clk 0:05:03]} 36. Qe3+ {[%clk 0:10:56]} Kb7
{[%clk 0:05:12]} 37. e5+ {[%clk 0:03:34]} d5 {[%clk 0:05:20]} 38. f5
{[%clk 0:03:54]} Qb6 {[%clk 0:04:21]} 39. exf6 {[%clk 0:02:25]} gxf6
{[%clk 0:04:01]} 40. Qxh6 {[%clk 0:01:52]} exf5 {[%clk 0:03:45]} 41. Qh8
{[%clk 0:01:57]} Qd8 {[%clk 0:03:02]} 42. Qh4 {[%clk 0:01:33]} Rd6
{[%clk 0:01:42]} 43. Qc4 {[%clk 0:01:08]} Qd7 {[%clk 0:01:40]} 44. Qc5
{[%clk 0:01:20]} Qd8 {[%clk 0:01:23]} 45. Qb5+ {[%clk 0:01:27]} Qb6
{[%clk 0:01:31]} 46. Qc4 {[%clk 0:01:21]} Be6 {[%clk 0:01:41]} 47. h4
{[%clk 0:01:23]} Rd8 {[%clk 0:01:12]} 48. h5 {[%clk 0:01:32]} Rc8
{[%clk 0:01:02]} 49. Qd3 {[%clk 0:01:20]} Rxc3 50. Qxc3 {[%clk 0:01:49]} Qd8
{[%clk 0:01:11]} 51. h6 {[%clk 0:01:45]} f4 {[%clk 0:00:45]} 52. Qd3
{[%clk 0:01:38]} f5 {[%clk 0:00:39]} 53. h7 {[%clk 0:01:41]} Qh4 {[%clk 0:00:34]}
54. Bxd5+ {[%clk 0:01:59]} Bxd5 55. Qxd5+ {[%clk 0:02:27]} Ka6 {[%clk 0:00:44]}
56. Qa8+ {[%clk 0:02:49]} 1-0

[Event "EYCC 2024 - O14"]
[Site "?"]
[Date "2024.08.24"]
[Round "3.11"]
[White "Soucek, Andrej"]
[Black "Durucay, Uygar"]
[Result "0-1"]
[BlackElo "2234"]
[WhiteElo "1929"]
[LiveChessVersion "1.4.8"]

1. e4 {[%clk 1:30:54]} c6 {[%clk 1:30:25]} 2. d4 {[%clk 1:31:05]} d5
{[%clk 1:30:47]} 3. Nc3 {[%clk 1:31:26]} dxe4 {[%clk 1:30:56]} 4. Nxe4
{[%clk 1:31:46]} Nf6 {[%clk 1:31:19]} 5. Nxf6+ {[%clk 1:31:43]} exf6
{[%clk 1:31:43]} 6. c3 {[%clk 1:31:58]} Bd6 {[%clk 1:32:03]} 7. Bd3
{[%clk 1:31:39]} Na6 {[%clk 1:29:58]} 8. Ne2 {[%clk 1:25:55]} Nc7
{[%clk 1:30:17]} 9. Qc2 {[%clk 1:08:29]} h5 {[%clk 1:29:09]} 10. Bd2
{[%clk 1:03:54]} Be6 {[%clk 1:27:50]} 11. Nf4 {[%clk 0:51:10]} Bxf4
{[%clk 1:22:43]} 12. Bxf4 {[%clk 0:51:33]} Nd5 {[%clk 1:22:36]} 13. Qd2
{[%clk 0:49:05]} O-O {[%clk 1:15:27]} 14. O-O {[%clk 0:48:03]} b5
{[%clk 1:14:07]} 15. a4 {[%clk 0:45:39]} a6 {[%clk 1:13:38]} 16. Ra3
{[%clk 0:43:41]} Nb6 {[%clk 1:11:56]} 17. axb5 {[%clk 0:31:49]} axb5
{[%clk 1:12:20]} 18. Qe2 {[%clk 0:29:54]} Bc4 {[%clk 1:01:47]} 19. Rxa8
{[%clk 0:28:04]} Qxa8 {[%clk 1:02:15]} 20. Bxc4 {[%clk 0:28:09]} Nxc4
{[%clk 1:00:48]} 21. b3 {[%clk 0:28:05]} Nb6 {[%clk 1:00:44]} 22. Qxh5
{[%clk 0:27:26]} Nd5 {[%clk 1:01:02]} 23. Bd6 {[%clk 0:25:59]} Rd8
{[%clk 1:00:14]} 24. Bc5 {[%clk 0:25:51]} Nxc3 {[%clk 1:00:28]} 25. Qf3
{[%clk 0:25:10]} Nd5 {[%clk 1:00:39]} 26. h3 Re8 {[%clk 0:49:44]} 27. Qd1
{[%clk 0:06:51]} Nf4 {[%clk 0:48:27]} 28. Re1 {[%clk 0:05:55]} Ne6
{[%clk 0:48:04]} 29. Qc2 {[%clk 0:06:04]} Rd8 {[%clk 0:46:54]} 30. Qc3
{[%clk 0:06:28]} Qb7 {[%clk 0:46:06]} 31. Ra1 {[%clk 0:05:44]} Qd7
{[%clk 0:46:31]} 32. Rd1 {[%clk 0:05:23]} Qd5 {[%clk 0:46:59]} 33. Bb6
{[%clk 0:04:53]} Rb8 {[%clk 0:44:07]} 34. Bc5 {[%clk 0:05:14]} Nf4
{[%clk 0:38:08]} 35. Qf3 {[%clk 0:05:31]} Qxf3 {[%clk 0:38:32]} 36. gxf3
{[%clk 0:05:59]} Re8 {[%clk 0:38:41]} 37. Bd6 {[%clk 0:05:24]} Nxh3+
{[%clk 0:38:28]} 38. Kg2 {[%clk 0:05:46]} Ng5 {[%clk 0:38:46]} 39. Rc1
{[%clk 0:05:56]} Ne6 {[%clk 0:39:07]} 40. Rxc6 {[%clk 0:06:06]} Nxd4
{[%clk 0:39:35]} 41. Rb6 {[%clk 0:06:14]} Nxb3 {[%clk 0:37:55]} 42. Rxb5
{[%clk 0:06:33]} Nd4 {[%clk 0:32:11]} 43. Rb8 {[%clk 0:06:47]} Rxb8
{[%clk 0:32:34]} 44. Bxb8 {[%clk 0:07:11]} Kf8 {[%clk 0:32:52]} 45. Ba7
{[%clk 0:07:30]} Ne6 {[%clk 0:33:16]} 46. Be3 {[%clk 0:07:35]} Ke7
{[%clk 0:32:45]} 47. Bc1 {[%clk 0:07:49]} Kd6 {[%clk 0:33:10]} 48. Ba3+
{[%clk 0:08:00]} Kd5 {[%clk 0:33:34]} 49. Be7 {[%clk 0:08:04]} Kd4
{[%clk 0:33:51]} 50. Kg3 {[%clk 0:07:55]} Kd3 {[%clk 0:33:50]} 51. f4
{[%clk 0:07:51]} Ke4 {[%clk 0:32:59]} 52. Bd6 {[%clk 0:07:00]} f5
{[%clk 0:33:14]} 53. f3+ {[%clk 0:04:17]} Ke3 {[%clk 0:33:38]} 54. Bb8
{[%clk 0:04:16]} g6 {[%clk 0:33:24]} 55. Ba7+ {[%clk 0:03:30]} Ke2
{[%clk 0:33:53]} 56. Bb6 {[%clk 0:02:22]} Ng7 {[%clk 0:33:27]} 57. Bc7
{[%clk 0:00:40]} Nh5+ {[%clk 0:33:51]} 58. Kg2 {[%clk 0:00:56]} Ke3
{[%clk 0:34:06]} 59. Bb8 {[%clk 0:01:01]} Nxf4+ {[%clk 0:34:29]} 60. Kg3
{[%clk 0:01:22]} Nh5+ {[%clk 0:33:39]} 61. Kg2 {[%clk 0:01:27]} Ke2
{[%clk 0:33:26]} 62. Bc7 {[%clk 0:00:59]} f4 {[%clk 0:33:08]} 63. Bd6
{[%clk 0:00:54]} g5 {[%clk 0:33:27]} 64. Be7 {[%clk 0:01:02]} g4 {[%clk 0:33:43]}
65. Bc5 {[%clk 0:01:00]} gxf3+ {[%clk 0:34:01]} 66. Kg1 {[%clk 0:01:27]} Ng3
{[%clk 0:34:18]} 0-1

[Event "EYCC 2024 - O14"]
[Site "?"]
[Date "2024.08.24"]
[Round "3.12"]
[White "Bonelli Maestracci, Pierre Joseph"]
[Black "Moldovan, Lucas Gabriel"]
[Result "0-1"]
[BlackElo "1919"]
[WhiteElo "2203"]
[LiveChessVersion "1.4.8"]

1. e4 {[%clk 1:30:57]} c5 {[%clk 1:30:46]} 2. Nf3 {[%clk 1:31:24]} d6
{[%clk 1:30:49]} 3. d4 {[%clk 1:31:33]} cxd4 {[%clk 1:31:10]} 4. Nxd4
{[%clk 1:32:02]} Nf6 {[%clk 1:31:27]} 5. Nc3 {[%clk 1:32:28]} g6 {[%clk 1:31:43]}
6. Be3 {[%clk 1:32:27]} Bg7 {[%clk 1:31:39]} 7. f3 {[%clk 1:31:36]} O-O
{[%clk 1:31:26]} 8. Qd2 {[%clk 1:31:51]} Nc6 {[%clk 1:31:49]} 9. g4
{[%clk 1:31:57]} Be6 {[%clk 1:28:13]} 10. Nxe6 {[%clk 1:32:02]} fxe6
{[%clk 1:28:41]} 11. O-O-O {[%clk 1:31:10]} Ne5 {[%clk 1:05:14]} 12. Be2
{[%clk 1:29:54]} Rc8 {[%clk 1:00:30]} 13. h4 {[%clk 1:26:12]} Qa5
{[%clk 0:58:11]} 14. Kb1 {[%clk 1:21:13]} Nc4 {[%clk 0:52:57]} 15. Bxc4
{[%clk 1:17:26]} Rxc4 {[%clk 0:52:46]} 16. h5 {[%clk 1:08:51]} Rfc8 17. hxg6
{[%clk 0:52:12]} hxg6 {[%clk 0:41:23]} 18. Nd5 {[%clk 0:43:55]} Qxd2
{[%clk 0:40:27]} 19. Nxf6+ {[%clk 0:44:22]} Bxf6 {[%clk 0:40:16]} 20. Rxd2
{[%clk 0:44:48]} Rb4 {[%clk 0:35:49]} 21. b3 {[%clk 0:39:41]} Rc3
{[%clk 0:33:09]} 22. Re2 {[%clk 0:39:45]} Rc8 {[%clk 0:30:02]} 23. a4
{[%clk 0:33:29]} a6 {[%clk 0:17:22]} 24. Rh3 {[%clk 0:20:54]} b5 {[%clk 0:13:19]}
25. a5 {[%clk 0:20:47]} d5 {[%clk 0:11:38]} 26. Ka2 {[%clk 0:15:48]} dxe4
{[%clk 0:08:38]} 27. f4 {[%clk 0:15:47]} Rc3 {[%clk 0:08:46]} 28. Rh6
{[%clk 0:13:28]} Kf7 {[%clk 0:08:15]} 29. Ka3 {[%clk 0:12:13]} Ra4+
{[%clk 0:08:35]} 30. Kb2 {[%clk 0:12:30]} Rxe3+ {[%clk 0:08:57]} 0-1

[Event "EYCC 2024 - O14"]
[Site "?"]
[Date "2024.08.24"]
[Round "3.13"]
[White "Vassis, Michail"]
[Black "Krivka, Matej"]
[Result "1/2-1/2"]
[BlackElo "1917"]
[WhiteElo "2186"]
[LiveChessVersion "1.4.8"]

1. b3 {[%clk 1:30:57]} d5 {[%clk 1:30:46]} 2. Bb2 {[%clk 1:31:20]} Nf6
{[%clk 1:31:06]} 3. e3 {[%clk 1:31:18]} c5 {[%clk 1:30:24]} 4. f4
{[%clk 1:31:06]} Bf5 {[%clk 1:29:06]} 5. Bb5+ {[%clk 1:30:18]} Nbd7
{[%clk 1:27:13]} 6. Nf3 {[%clk 1:30:39]} e6 {[%clk 1:23:58]} 7. O-O
{[%clk 1:24:10]} Be7 {[%clk 1:20:26]} 8. Ne5 {[%clk 1:23:31]} a6 9. Bd3 Bxd3
{[%clk 1:04:08]} 10. cxd3 {[%clk 0:46:01]} O-O {[%clk 0:59:05]} 11. Na3
{[%clk 0:43:41]} Rc8 {[%clk 0:51:47]} 12. Qe2 {[%clk 0:41:15]} Nxe5
{[%clk 0:47:40]} 13. fxe5 {[%clk 0:40:52]} Nd7 {[%clk 0:44:27]} 14. Qg4
{[%clk 0:31:37]} Qa5 {[%clk 0:35:22]} 15. Nb1 {[%clk 0:30:07]} b5
{[%clk 0:30:07]} 16. a3 {[%clk 0:27:05]} Qc7 {[%clk 0:25:54]} 17. Qg3
{[%clk 0:26:41]} c4 {[%clk 0:15:31]} 18. dxc4 {[%clk 0:25:28]} bxc4
{[%clk 0:12:41]} 19. b4 {[%clk 0:23:44]} a5 {[%clk 0:11:55]} 20. b5
{[%clk 0:22:53]} Nc5 {[%clk 0:11:39]} 21. a4 {[%clk 0:21:57]} Ne4
{[%clk 0:11:44]} 22. Qe1 1/2-1/2

[Event "EYCC 2024 - O14"]
[Site "?"]
[Date "2024.08.24"]
[Round "3.14"]
[White "Basha, Lir"]
[Black "Groenewoud, Joel"]
[Result "1/2-1/2"]
[BlackElo "2157"]
[WhiteElo "1923"]
[LiveChessVersion "1.4.8"]

1. e4 {[%clk 1:30:59]} c6 {[%clk 1:30:54]} 2. d4 {[%clk 1:31:27]} d5
{[%clk 1:31:19]} 3. exd5 {[%clk 1:30:32]} cxd5 {[%clk 1:31:32]} 4. Bd3
{[%clk 1:30:57]} Nc6 {[%clk 1:31:49]} 5. c3 {[%clk 1:31:24]} Nf6 {[%clk 1:31:17]}
6. Nf3 {[%clk 1:31:35]} Bg4 {[%clk 1:31:13]} 7. Bf4 {[%clk 1:31:37]} e6
{[%clk 1:31:21]} 8. Nbd2 {[%clk 1:30:33]} Bd6 {[%clk 1:31:19]} 9. Bxd6
{[%clk 1:30:26]} Qxd6 {[%clk 1:31:39]} 10. O-O {[%clk 1:30:19]} O-O
{[%clk 1:31:40]} 11. Re1 {[%clk 1:30:33]} Rac8 {[%clk 1:30:05]} 12. Qb1
{[%clk 1:27:42]} Bh5 {[%clk 1:22:08]} 13. Ne5 {[%clk 1:26:59]} Bg6
{[%clk 1:14:36]} 14. Bxg6 {[%clk 1:24:21]} hxg6 {[%clk 1:14:32]} 15. Qd3
{[%clk 1:15:45]} Nd7 {[%clk 1:04:00]} 16. f4 {[%clk 1:15:03]} Qc7
{[%clk 0:51:02]} 17. Qh3 {[%clk 1:08:03]} Rfe8 {[%clk 0:44:07]} 18. Ndf3
{[%clk 1:04:14]} Nf8 {[%clk 0:41:25]} 19. Qg4 {[%clk 0:50:59]} b5
{[%clk 0:36:17]} 20. Re3 {[%clk 0:43:55]} a5 {[%clk 0:32:31]} 21. Nxc6
{[%clk 0:32:07]} Qxc6 {[%clk 0:32:50]} 22. Ne5 {[%clk 0:32:16]} Qc7
{[%clk 0:20:22]} 23. Rh3 {[%clk 0:30:27]} Qd8 {[%clk 0:18:28]} 24. Rh8+
{[%clk 0:30:44]} Kxh8 {[%clk 0:18:20]} 25. Nxf7+ {[%clk 0:31:09]} Kg8
{[%clk 0:18:16]} 26. Nxd8 {[%clk 0:31:34]} Rexd8 {[%clk 0:18:25]} 27. a3
{[%clk 0:27:08]} Rd7 {[%clk 0:18:00]} 28. Re1 {[%clk 0:27:08]} Rc6
{[%clk 0:17:38]} 29. h4 {[%clk 0:21:33]} b4 {[%clk 0:15:21]} 30. axb4
{[%clk 0:21:52]} axb4 {[%clk 0:15:46]} 31. Ra1 {[%clk 0:16:59]} bxc3
{[%clk 0:13:36]} 32. bxc3 {[%clk 0:17:25]} Rc8 {[%clk 0:12:53]} 33. Ra3
{[%clk 0:13:56]} Rf7 {[%clk 0:11:41]} 34. g3 {[%clk 0:10:41]} Rfc7
{[%clk 0:11:38]} 35. Qf3 {[%clk 0:08:06]} Nd7 {[%clk 0:11:35]} 36. Qe2
{[%clk 0:06:45]} Kf7 {[%clk 0:11:42]} 37. h5 {[%clk 0:07:04]} gxh5
{[%clk 0:11:06]} 38. Qxh5+ {[%clk 0:07:20]} Kg8 {[%clk 0:11:27]} 39. Qg4
{[%clk 0:06:54]} Kf7 {[%clk 0:10:53]} 40. Ra6 {[%clk 0:06:08]} Rc6
{[%clk 0:10:40]} 41. Rxc6 {[%clk 0:05:46]} Rxc6 {[%clk 0:11:06]} 42. f5
{[%clk 0:06:08]} exf5 {[%clk 0:05:17]} 43. Qxf5+ {[%clk 0:06:34]} Ke7
{[%clk 0:05:03]} 44. Qg5+ {[%clk 0:05:44]} Kd6 {[%clk 0:05:14]} 45. Qg6+
{[%clk 0:04:54]} Kc7 {[%clk 0:05:34]} 46. Qxg7 {[%clk 0:05:04]} Rxc3
{[%clk 0:05:57]} 47. Kf2 {[%clk 0:04:16]} Kd6 {[%clk 0:05:11]} 48. g4
{[%clk 0:04:30]} Ke6 {[%clk 0:04:36]} 49. Qg8+ {[%clk 0:03:28]} Kd6
{[%clk 0:04:59]} 50. g5 {[%clk 0:03:24]} Rc4 {[%clk 0:04:10]} 51. g6
{[%clk 0:02:22]} Rxd4 {[%clk 0:04:26]} 52. g7 {[%clk 0:02:35]} Nf6
{[%clk 0:03:22]} 53. Qd8+ {[%clk 0:02:34]} Ke5 {[%clk 0:02:28]} 54. Qxf6+
{[%clk 0:01:19]} Kxf6 {[%clk 0:02:52]} 55. g8=Q {[%clk 0:01:45]} Re4
{[%clk 0:01:28]} 56. Qxd5 {[%clk 0:01:40]} Re5 {[%clk 0:01:35]} 57. Qd4
{[%clk 0:01:40]} Ke6 {[%clk 0:01:38]} 58. Kf3 {[%clk 0:02:00]} Rd5
{[%clk 0:01:36]} 59. Qc4 {[%clk 0:02:03]} Ke5 {[%clk 0:01:25]} 60. Qf4+
{[%clk 0:02:03]} Ke6 {[%clk 0:01:48]} 61. Ke4 {[%clk 0:02:05]} Rc5
{[%clk 0:01:27]} 62. Qh6+ {[%clk 0:02:00]} Kd7 {[%clk 0:01:16]} 63. Qb6
{[%clk 0:01:46]} Rc6 {[%clk 0:00:47]} 64. Qb5 {[%clk 0:02:06]} Kd6
{[%clk 0:00:48]} 65. Qe5+ {[%clk 0:02:20]} Kd7 {[%clk 0:01:13]} 66. Kd5
{[%clk 0:02:42]} Ra6 {[%clk 0:01:07]} 67. Qg7+ {[%clk 0:02:38]} Kc8
{[%clk 0:00:49]} 68. Qe7 {[%clk 0:02:04]} Ra2 {[%clk 0:00:36]} 69. Qe8+
{[%clk 0:01:16]} Kc7 {[%clk 0:00:40]} 70. Qc6+ {[%clk 0:01:20]} Kd8
{[%clk 0:00:37]} 71. Qc4 {[%clk 0:00:50]} Rg2 {[%clk 0:00:36]} 72. Qh4+
{[%clk 0:00:54]} Kc7 {[%clk 0:00:54]} 73. Qe7+ {[%clk 0:00:46]} Kb6
{[%clk 0:00:53]} 74. Qb4+ {[%clk 0:00:43]} Kc7 {[%clk 0:01:01]} 75. Qc5+
{[%clk 0:00:47]} Kd7 {[%clk 0:00:51]} 76. Qc6+ {[%clk 0:00:46]} Kd8
{[%clk 0:00:58]} 77. Qb7 {[%clk 0:00:37]} Ke8 {[%clk 0:00:33]} 78. Ke6
{[%clk 0:00:41]} Re2+ {[%clk 0:00:33]} 79. Kf6 {[%clk 0:01:05]} Rf2+
{[%clk 0:00:36]} 80. Kg6 {[%clk 0:01:31]} Rd2 {[%clk 0:00:31]} 81. Qc7
{[%clk 0:00:33]} Rg2+ {[%clk 0:00:35]} 82. Kf5 {[%clk 0:00:52]} Rf2+
{[%clk 0:00:58]} 83. Ke4 {[%clk 0:01:12]} Re2+ {[%clk 0:01:19]} 84. Kd3
{[%clk 0:01:33]} Re7 {[%clk 0:01:33]} 85. Qc8+ {[%clk 0:01:32]} Kf7
{[%clk 0:01:58]} 86. Kd4 {[%clk 0:01:56]} Kf6 {[%clk 0:02:00]} 87. Kd5
{[%clk 0:01:38]} Re5+ {[%clk 0:02:10]} 88. Kd6 {[%clk 0:02:01]} Rf5
{[%clk 0:02:22]} 89. Qg8 {[%clk 0:01:49]} Rf4 {[%clk 0:01:06]} 90. Qf8+
{[%clk 0:00:57]} Kg5 {[%clk 0:01:27]} 91. Qg7+ {[%clk 0:01:13]} Kf5
{[%clk 0:01:39]} 92. Qh6 {[%clk 0:01:07]} Rd4+ {[%clk 0:01:55]} 93. Ke7
{[%clk 0:01:17]} Re4+ {[%clk 0:02:13]} 94. Kf7 {[%clk 0:01:39]} Ke5
{[%clk 0:02:32]} 95. Qd2 {[%clk 0:01:24]} Rf4+ {[%clk 0:02:50]} 96. Ke7
{[%clk 0:01:45]} Re4 {[%clk 0:02:51]} 97. Qd6+ {[%clk 0:01:46]} Kf5+
{[%clk 0:03:12]} 98. Kf7 {[%clk 0:02:13]} Re5 {[%clk 0:03:12]} 99. Qd2
{[%clk 0:01:33]} Ke4 {[%clk 0:03:30]} 100. Kf6 {[%clk 0:01:47]} Rf5+
{[%clk 0:03:46]} 101. Ke6 {[%clk 0:02:11]} Re5+ {[%clk 0:04:04]} 102. Kd6
{[%clk 0:02:31]} Rf5 {[%clk 0:04:04]} 103. Qb4+ {[%clk 0:02:38]} Kf3
{[%clk 0:04:19]} 104. Qe1 {[%clk 0:02:37]} Kf4 {[%clk 0:04:26]} 105. Qh4+
{[%clk 0:01:55]} Ke3 {[%clk 0:04:44]} 1/2-1/2